00384 2200157 4500001002100000008004100021035002000062245004800082100001700130250000600147260002900153084001400182082000800196650001000204990001200214INLIS000000000001515 ind  a0010-0125000013 aSekretaris Dodol Mencari CintacEni Martini aMartini, Eni a1 aJakarta :bLaksanac2011 a800 ENI s a800 aFiksi a0714938